Statistics for College Football Matchups: Minnesota

Click here to take the quiz!

General Stats

  • This quiz has been taken 35 times
  • The average score is 13 of 16

Answer Stats

# of GamesOpponentLast Meeting% Correct
115Iowa11/13/2021
100%
104Michigan10/24/2020
100%
47Michigan State10/14/2017
100%
*11Ohio09/26/2015
100%
54Ohio State09/02/2021
100%
15Penn State11/09/2019
100%
131Wisconsin11/27/2021
100%
62Nebraska10/16/2021
96%
77Purdue10/02/2021
96%
69Indiana11/20/2021
92%
96Northwestern10/30/2021
92%
74Illinois11/06/2021
85%
26Iowa State12/31/2009
58%
17Washington10/01/1977
38%
20North Dakota09/21/1974
35%
12Pittsburgh09/26/1992
23%

Score Distribution

Percentile by Number Answered

Percent of People with Each Score

Your Score History

You have not taken this quiz